000 00676nam a2200205Ii 4500
003 JO-AjNU
008 230605s9999||||xx |||||||||||||| ||und||
017 _a1984/4365
040 _aJO-AjNU
_bara
_erda
_cJO-AjNU
041 _aara
050 1 4 _aLB1570.A2 1984
100 3 _aإبراهيم، عبد اللطيف فؤاد,
_eauthor
_936415
245 0 0 _aالمناهج أسسها وتنظيماتها وتقويم أثرها
264 3 1 _aالقاهرة:مكتبة مصر،1984
300 _a654ص
336 _atext
_btxt
_2rdacontent
337 _aunmediated
_bn
_2rdamedia
338 _avolume
_bnc
_2rdacarrier
650 4 _aالتعليم-مناهج-تقييم
_936416
999 _aA15128
_c18696
_d18696